| 000 | 00347nam a22001457a 4500 | ||
|---|---|---|---|
| 008 | 190205b xxu||||| |||| 00| 0 eng d | ||
| 020 | _a6913252 | ||
| 041 | _aeng | ||
| 080 | _a159.9 | ||
| 082 | _a159.9 | ||
| 100 | _a49 | ||
| 101 | _aPSI | ||
| 245 |
_aA psychological approach to abnormal behavior _cUllmann P. Leonard |
||
| 942 |
_2udc _cBK |
||
| 999 |
_c53986 _d53986 |
||